| 000 | 00351nam a2200121Ia 4500 | ||
|---|---|---|---|
| 005 | 20251222154418.0 | ||
| 008 | 251222s9999||||xx |||||||||||||| ||spa|| | ||
| 020 | _a9972-43-009-X | ||
| 082 | _a338.985/S29 | ||
| 100 | _a"Schydlowsky, Daniel M.Schuldt, Jürgen" | ||
| 245 | 0 | _aModelo económico peruano de fin de siglo: Alcances y límites | |
| 942 | _cLIB | ||
| 999 |
_c35936 _d35936 |
||